| Tag |
First Indicator |
Second Indicator |
Subfields |
| LEADER |
00000cam a2200000 i 4500 |
| 001 |
in00003607034 |
| 005 |
20170928110449.0 |
| 008 |
150212s2015 enk b 001 0 eng |
| 010 |
|
|
|a 2014046159
|
| 020 |
|
|
|a 9780190250607
|q (hardcover : alk. paper)
|
| 020 |
|
|
|a 0190250607
|q (hardcover : alk. paper)
|
| 020 |
|
|
|a 9780190250614
|q (pbk. : alk. paper)
|
| 020 |
|
|
|a 0190250615
|q (pbk. : alk. paper)
|
| 024 |
8 |
|
|a 40025456963
|
| 024 |
8 |
|
|a 99965266259
|
| 035 |
|
|
|a (OCoLC)ocn903811582
|
| 035 |
|
|
|a (OCoLC)903811582
|
| 040 |
|
|
|a DLC
|b eng
|e rda
|c DLC
|d BDX
|d BTCTA
|d YDXCP
|d ERASA
|d GZM
|d YUS
|d UtOrBLW
|
| 042 |
|
|
|a pcc
|
| 049 |
|
|
|a TXAM
|
| 050 |
0 |
0 |
|a B105.B64
|b S853 2015
|
| 082 |
0 |
0 |
|a 305.8001
|2 23
|
| 100 |
1 |
|
|a Sullivan, Shannon,
|d 1967-
|e author.
|0 http://id.loc.gov/authorities/names/n00097314
|
| 245 |
1 |
4 |
|a The physiology of sexist and racist oppression /
|c Shannon Sullivan.
|
| 264 |
|
1 |
|a Oxford ;
|a New York :
|b Oxford University Press,
|c [2015]
|
| 300 |
|
|
|a 202 pages ;
|c 24 cm.
|
| 336 |
|
|
|a text
|b txt
|2 rdacontent
|
| 337 |
|
|
|a unmediated
|b n
|2 rdamedia
|
| 338 |
|
|
|a volume
|b nc
|2 rdacarrier
|
| 490 |
1 |
|
|a Studies in feminist philosophy
|
| 504 |
|
|
|a Includes bibliographical references (pages 185-196) and index.
|
| 650 |
|
0 |
|a Human body (Philosophy)
|0 http://id.loc.gov/authorities/subjects/sh85015235
|
| 650 |
|
0 |
|a Human physiology
|x Philosophy.
|
| 650 |
|
0 |
|a Sexism
|x Philosophy.
|
| 650 |
|
0 |
|a Racism
|x Philosophy.
|
| 650 |
|
0 |
|a Feminist theory.
|0 http://id.loc.gov/authorities/subjects/sh90002282
|
| 830 |
|
0 |
|a Studies in feminist philosophy.
|0 http://id.loc.gov/authorities/names/n2001085297
|
| 938 |
|
|
|a Brodart
|b BROD
|n 112878105
|
| 938 |
|
|
|a Baker and Taylor
|b BTCP
|n BK0017123143
|
| 938 |
|
|
|a YBP Library Services
|b YANK
|n 12411622
|
| 938 |
|
|
|a YBP Library Services
|b YANK
|n 12424763
|
| 938 |
|
|
|a Erasmus Boekhandel
|b ERAA
|n NTS0000211876
|
| 947 |
|
|
|a A14843350092
|
| 945 |
|
|
|a PromptCat
|b 444572
|
| 946 |
|
|
|a stk
|
| 994 |
|
|
|a 92
|b TXA
|
| 948 |
|
|
|a Cataloged
|b h
|c 2016/1/8
|d c
|e AReeder
|
| 999 |
f |
f |
|s ee746de9-c094-38cb-9f7e-0896aff006f5
|i d0dc7ede-d2c6-344b-98b7-49d539d7ab5b
|t 0
|
| 952 |
f |
f |
|p normal
|a Texas A&M University
|b College Station
|c Sterling C. Evans Library
|d Evans: Library Stacks
|t 0
|e B105.B64 S853 2015
|h Library of Congress classification
|i unmediated -- volume
|m A14843350092
|
| 998 |
f |
f |
|a B105.B64 S853 2015
|t 0
|l Evans: Library Stacks
|